[Event "Subcarpathian-chT"]
[Site "Bystre"]
[Date "2021.06.13"]
[Round "8.24"]
[White "Krzysztynska, Anna"]
[Black "Polak, Sylwia"]
[Result "1-0"]
[WhiteElo "1888"]
[BlackElo "1649"]
[PlyCount "69"]
[EventDate "2021.06.09"]
[EventType "team-tourn"]
[EventRounds "9"]
[EventCountry "POL"]
[SourceTitle "EXT 2022"]
[Source "ChessBase"]
[SourceDate "2021.10.06"]
[SourceVersion "1"]
[SourceVersionDate "2021.10.06"]
[SourceQuality "1"]

1. d4 d5 2. Bf4 Nf6 3. Nf3 e6 4. e3 c5 5. c3 Nc6 6. Bd3 Bd6 7. Bg3 0-0 8. Nbd2 b6 9. Ne5 Qc7 10. f4 Bb7 11. Bh4 Ne8 12. Qh5 g6 13. Qh6 Ne7 14. g4 f5 15. Ndf3 Nf6 16. Bxf6 Rxf6 17. Ng5 Nc6 18. Rg1 Qg7 19. Qh4 Raf8 20. 0-0-0 a6 21. Rg3 h6 22. Ngf3 Bxe5 23. dxe5 R6f7 24. gxf5 exf5 25. Rdg1 Ne7 26. Rh3 b5 27. Qxh6 Qxh6 28. Rxh6 Rh7 29. Rxh7 Kxh7 30. Ng5+ Kh6 31. Rg3 Re8 32. Ne6 Kh7 33. Nxc5 Bc8 34. Be2 Ng8 35. h4 1-0

[Event "FISU World University"]
[Site "Tornelo INT"]
[Date "2020.10.28"]
[Round "8.11"]
[White "Krzysztynska, Anna"]
[Black "Hu, Yu A"]
[Result "0-1"]
[WhiteElo "1888"]
[BlackElo "2094"]
[PlyCount "116"]
[EventDate "2020.10.26"]
[EventType "team-swiss (rapid)"]
[EventRounds "9"]
[EventCountry "NET"]
[SourceTitle "CBM 199 Extra"]
[Source "ChessBase"]
[SourceDate "2021.01.31"]
[SourceVersion "1"]
[SourceVersionDate "2021.01.31"]
[SourceQuality "1"]
[WhiteTeam "Poland III"]
[BlackTeam "China IV"]
[WhiteTeamCountry "POL"]
[BlackTeamCountry "CHN"]

1. d4 Nf6 2. Bf4 d5 3. Nf3 g6 4. e3 Bg7 5. h3 0-0 6. Bd3 c5 7. c3 b6 8. Nbd2 Nc6 9. 0-0 Bb7 10. a3 Nd7 11. Re1 e5 12. dxe5 Ndxe5 13. Be2 Qd7 14. Nxe5 Nxe5 15. Nf3 Rfe8 16. Bxe5 Bxe5 17. Qc2 Rad8 18. Rad1 Bf6 19. c4 d4 20. exd4 cxd4 21. Qb3 Bc6 22. Qd3 Be4 23. Qb3 Qb7 24. Bf1 a5 25. c5 bxc5 26. Bb5 Re7 27. a4 d3 28. Re3 d2 29. Nxd2 Bxg2 30. Rxe7 Bxe7 31. Qg3 Bf3 32. Nxf3 Rxd1+ 33. Kg2 Bf6 34. b3 Qe4 35. Bc4 Kg7 36. h4 h5 37. Kh2 Qg4 38. Qxg4 hxg4 39. Ng1 Be5+ 40. Kg2 f5 41. Ne2 f4 42. f3 gxf3+ 43. Kxf3 Rh1 44. Kg4 Kf6 45. Bd5 Rh2 46. Nc1 Bd4 47. Nd3 Be3 48. Bc4 Rg2+ 49. Kf3 Rg3+ 50. Ke2 Rh3 51. Ne1 Rxh4 52. Nf3 Rh8 53. Kd3 g5 54. Ke2 g4 55. Ne1 Rh2+ 56. Kd3 g3 57. Nf3 g2 58. Ke4 Rh3 0-1

[Event "EU-ch Amateur U2000"]
[Site "Niksic"]
[Date "2018.06.18"]
[Round "6"]
[White "Krzysztynska, Anna"]
[Black "Ince, Safiye Oyku"]
[Result "1-0"]
[WhiteElo "1758"]
[BlackElo "1762"]
[PlyCount "55"]
[EventDate "2018.06.14"]
[EventType "swiss"]
[EventRounds "9"]
[EventCountry "MNE"]
[SourceTitle "EXT 2019"]
[Source "ChessBase"]
[SourceDate "2018.10.10"]
[SourceVersion "1"]
[SourceVersionDate "2018.10.10"]
[SourceQuality "1"]

1. d4 Nf6 2. Bf4 d5 3. Nf3 e6 4. e3 Bd6 5. Bg3 c5 6. c3 Qc7 7. Bd3 Nbd7 8. Nbd2 e5 9. e4 0-0 10. 0-0 exd4 11. cxd4 Bxg3 12. hxg3 cxd4 13. exd5 Qb6 14. Nc4 Qc5 15. Nxd4 Qxd5 16. Nf5 Kh8 17. Nce3 Qe6 18. Re1 Nc5 19. Bc4 Qb6 20. Qd4 Rd8 21. Qh4 Ne6 22. Rad1 Bd7 23. Nd6 Be8 24. Nef5 Qxb2 25. Bxe6 fxe6 26. Rxe6 Bg6 27. Ne7 Bh5 28. Qxh5 1-0

[Event "EU-chT U18 Girls"]
[Site "Rymanow Zdroj"]
[Date "2017.08.20"]
[Round "4.7"]
[White "Krzysztynska, Anna"]
[Black "Buchta, Agnieszka"]
[Result "1/2-1/2"]
[WhiteElo "1717"]
[BlackElo "1720"]
[PlyCount "68"]
[EventDate "2017.08.17"]
[EventType "team-swiss"]
[EventRounds "7"]
[EventCountry "POL"]
[SourceTitle "CBM 180 Extra"]
[Source "ChessBase"]
[SourceDate "2017.10.06"]
[SourceVersion "1"]
[SourceVersionDate "2017.10.06"]
[SourceQuality "1"]
[WhiteTeam "Poland U18 Girls III"]
[BlackTeam "Poland U18 Girls V"]
[WhiteTeamCountry "POL"]
[BlackTeamCountry "POL"]

1. e4 e6 2. d4 d5 3. e5 c5 4. c3 Qb6 5. Nf3 Nc6 6. a3 Bd7 7. b4 cxd4 8. cxd4 Rc8 9. Be3 Nh6 10. Bd3 Ng4 11. 0-0 Be7 12. Nbd2 Nxe3 13. fxe3 Nb8 14. Qe2 Ba4 15. Rac1 0-0 16. Qf2 Rxc1 17. Rxc1 g6 18. Qg3 a5 19. b5 Qd8 20. h4 Qd7 21. Rb1 Rc8 22. h5 Bc2 23. Bxc2 Rxc2 24. hxg6 hxg6 25. Kf2 Bxa3 26. Rh1 Bf8 27. Qh4 Bg7 28. Kg3 Rc3 29. Qg5 Kf8 30. Rh7 Qc7 31. Kf2 Nd7 32. Qf4 Nb6 33. Ng5 Qe7 34. Qh4 Qc7 1/2-1/2

[Event "EU-chT U18 Girls"]
[Site "Rymanow Zdroj"]
[Date "2017.08.19"]
[Round "3.8"]
[White "Kovacs, Judit"]
[Black "Krzysztynska, Anna"]
[Result "0-1"]
[WhiteElo "2062"]
[BlackElo "1717"]
[PlyCount "72"]
[EventDate "2017.08.17"]
[EventType "team-swiss"]
[EventRounds "7"]
[EventCountry "POL"]
[SourceTitle "CBM 180 Extra"]
[Source "ChessBase"]
[SourceDate "2017.10.06"]
[SourceVersion "1"]
[SourceVersionDate "2017.10.06"]
[SourceQuality "1"]
[WhiteTeam "Hungary U18 Girls"]
[BlackTeam "Poland U18 Girls III"]
[WhiteTeamCountry "HUN"]
[BlackTeamCountry "POL"]

1. Nf3 Nf6 2. c4 g6 3. g3 Bg7 4. Bg2 0-0 5. d4 d6 6. Nc3 Nc6 7. 0-0 e5 8. d5 Ne7 9. c5 Nh5 10. cxd6 cxd6 11. Qb3 f5 12. Nd2 a6 13. a4 Rb8 14. a5 b5 15. axb6 Rxb6 16. Qa2 Qc7 17. Nc4 Rb8 18. Bd2 e4 19. Rac1 Bb7 20. f3 Bxc3 21. Rxc3 Bxd5 22. Kh1 Qb7 23. Bg5 Nf6 24. Bxf6 Rxf6 25. fxe4 Bxe4 26. Nxd6+ Qd5 27. Qxd5+ Bxd5 28. e4 Rxd6 29. exd5 Rxb2 30. Re1 Nxd5 31. Rc8+ Kg7 32. Bf3 Nf6 33. Ra8 Rdb6 34. Ra7+ Kh6 35. Be2 Ne4 36. Bd3 Nf2+ 0-1

[Event "EU-ch U14 Girls 25th"]
[Site "Porec"]
[Date "2015.09.24"]
[Round "4"]
[White "Krzysztynska, Anna"]
[Black "Nestorovic, Katarina"]
[Result "0-1"]
[WhiteElo "1555"]
[BlackElo "1746"]
[PlyCount "144"]
[EventDate "2015.09.21"]
[EventType "swiss"]
[EventRounds "9"]
[EventCountry "CRO"]
[SourceTitle "EXT 2016"]
[Source "ChessBase"]
[SourceDate "2015.10.08"]
[SourceVersion "1"]
[SourceVersionDate "2015.10.08"]
[SourceQuality "1"]

1. e4 c5 2. Nf3 e6 3. d4 cxd4 4. Nxd4 Nf6 5. Nc3 d6 6. g4 a6 7. h4 Nc6 8. Be3 Nxd4 9. g5 Nxe4 10. Qxd4 Nxc3 11. Qxc3 Bd7 12. 0-0-0 Rc8 13. Qd2 Bc6 14. Rg1 Be4 15. Bd3 Bxd3 16. Qxd3 Be7 17. f4 Qa5 18. Kb1 0-0 19. h5 Rfd8 20. Rdf1 g6 21. hxg6 hxg6 22. Rh1 Bf8 23. Bd4 Bg7 24. Bxg7 Kxg7 25. Qe4 e5 26. fxe5 Qxe5 27. Qf3 Qe6 28. Qf6+ Qxf6 29. gxf6+ Kg8 30. Rh6 Rc5 31. Rfh1 Rh5 32. R1xh5 gxh5 33. Rxh5 Re8 34. a3 Re5 35. Rh4 Rf5 36. Rh6 Rg5 37. Rh4 Rg6 38. Rf4 Rh6 39. c4 Kh7 40. Kc2 Kg6 41. Rd4 Kxf6 42. Rxd6+ Kg7 43. Rd5 Rc6 44. Kd3 Kg6 45. c5 f5 46. Ke3 Kg5 47. Kf3 Re6 48. b4 b6 49. a4 bxc5 50. bxc5 Re1 51. Rd8 Rc1 52. Rc8 Rc3+ 53. Kf2 Kf4 54. Rc6 Rc2+ 55. Ke1 a5 56. Rc8 Kf3 57. c6 f4 58. c7 Re2+ 59. Kd1 Re7 60. Kd2 Kf2 61. Kd3 f3 62. Kd2 Rd7+ 63. Kc2 Kf1 64. Kc1 f2 65. Kc2 Rg7 66. Kb3 Kg2 67. Rf8 Rxc7 68. Rg8+ Kf1 69. Rf8 Re7 70. Rc8 Ke2 71. Rc2+ Kf3 72. Rc3+ Re3 0-1

[Event "EU-ch U14 Girls 25th"]
[Site "Porec"]
[Date "2015.09.23"]
[Round "3"]
[White "Sargsyan, Anna M"]
[Black "Krzysztynska, Anna"]
[Result "1-0"]
[WhiteElo "1819"]
[BlackElo "1555"]
[PlyCount "89"]
[EventDate "2015.09.21"]
[EventType "swiss"]
[EventRounds "9"]
[EventCountry "CRO"]
[SourceTitle "EXT 2016"]
[Source "ChessBase"]
[SourceDate "2015.10.08"]
[SourceVersion "1"]
[SourceVersionDate "2015.10.08"]
[SourceQuality "1"]

1. e4 e5 2. Nf3 Nc6 3. Bb5 a6 4. Ba4 Nf6 5. d4 exd4 6. 0-0 Be7 7. Re1 d6 8. Nxd4 Bd7 9. Nc3 0-0 10. Bxc6 bxc6 11. Qf3 Re8 12. Bg5 h6 13. Bh4 Nh7 14. Bxe7 Qxe7 15. Rad1 Ng5 16. Qd3 Qf6 17. Qg3 Rab8 18. f4 Ne6 19. Nxe6 fxe6 20. e5 Qe7 21. Ne4 d5 22. Nf6+ Kh8 23. Nxe8 Bxe8 24. b3 c5 25. f5 Rd8 26. f6 gxf6 27. exf6 Qxf6 28. Qxc7 Bh5 29. Rf1 Qg5 30. Rde1 Rg8 31. g3 Qh4 32. Qe5+ Kh7 33. Rf8 Rg7 34. Qxg7+ Kxg7 35. gxh4 Kxf8 36. Rxe6 Bd1 37. c3 Kg7 38. Rxa6 Be2 39. Rd6 Bf3 40. a4 Bd1 41. a5 Bf3 42. a6 c4 43. b4 h5 44. a7 d4 45. Rxd4 1-0

[Event "EU-ch U14 Girls 25th"]
[Site "Porec"]
[Date "2015.09.22"]
[Round "2"]
[White "Krzysztynska, Anna"]
[Black "Huseynova, Laman"]
[Result "1-0"]
[WhiteElo "1555"]
[BlackElo "1697"]
[PlyCount "129"]
[EventDate "2015.09.21"]
[EventType "swiss"]
[EventRounds "9"]
[EventCountry "CRO"]
[SourceTitle "EXT 2016"]
[Source "ChessBase"]
[SourceDate "2015.10.08"]
[SourceVersion "1"]
[SourceVersionDate "2015.10.08"]
[SourceQuality "1"]

1. e4 e5 2. Nf3 Nc6 3. Bb5 a6 4. Ba4 Nf6 5. 0-0 d6 6. Re1 Be7 7. c3 b5 8. Bc2 0-0 9. d4 Bb7 10. Nbd2 Re8 11. Nf1 Bf8 12. Ng3 g6 13. Bg5 h6 14. Be3 Bg7 15. h3 Qe7 16. Qd2 Kh7 17. Rad1 Rad8 18. b3 exd4 19. Nxd4 Nxd4 20. Bxd4 Qd7 21. Qf4 Re6 22. b4 Qe7 23. Bb3 Bd5 24. Nf5 gxf5 25. Qxf5+ Kh8 26. Bxd5 Nxd5 27. Qxd5 Rg8 28. Re3 Rg6 29. Rg3 Bf6 30. Kh2 Kh7 31. Bxf6 Qxf6 32. Qf5 Qxf5 33. exf5 Rxg3 34. fxg3 Re8 35. Rd2 Re3 36. Rc2 d5 37. g4 Kg7 38. Kg1 Kf6 39. Kf2 Re4 40. Re2 Ke5 41. Rd2 c6 42. a3 Kd6 43. Rd4 Re8 44. Rd3 c5 45. Re3 Rf8 46. Ke2 Rc8 47. Kd3 Rc7 48. g3 cxb4 49. axb4 Rc8 50. Re2 Rg8 51. Ra2 h5 52. Rxa6+ Ke5 53. Ra7 hxg4 54. h4 f6 55. Rb7 Kxf5 56. Rxb5 Ke6 57. Kd4 Rd8 58. h5 f5 59. Rb6+ Kd7 60. Rf6 Rc8 61. Rxf5 Rc4+ 62. Kd3 Ke6 63. Rg5 Re4 64. h6 Re1 65. Rxg4 1-0

[Event "POL-chT U19 2nd League"]
[Site "Iwonicz"]
[Date "2015.08.01"]
[Round "2.48"]
[White "Czarniecka, Aleksandra"]
[Black "Krzysztynska, Anna"]
[Result "0-1"]
[WhiteElo "1474"]
[BlackElo "1524"]
[PlyCount "60"]
[EventDate "2015.07.25"]
[EventType "team-swiss"]
[EventRounds "11"]
[EventCountry "POL"]
[SourceTitle "EXT 2019"]
[Source "ChessBase"]
[SourceDate "2018.10.10"]
[SourceVersion "1"]
[SourceVersionDate "2018.10.10"]
[SourceQuality "1"]
[WhiteTeam "Wroclaw MUKS MDK Fabryczna U19"]
[BlackTeam "Krosno KKSz Urania U19"]
[WhiteTeamCountry "POL"]
[BlackTeamCountry "POL"]

1. e4 e5 2. Nf3 Nc6 3. Bb5 a6 4. Ba4 Nf6 5. 0-0 Be7 6. Re1 b5 7. Bb3 0-0 8. d4 exd4 9. e5 Ne8 10. Nxd4 Nxd4 11. Qxd4 c5 12. Qe4 Rb8 13. c3 Bb7 14. Qe2 d5 15. e6 f5 16. Be3 Rf6 17. Bg5 Rg6 18. Bxe7 Qxe7 19. Qe5 Nc7 20. Qxf5 Rf8 21. Qh5 d4 22. g3 c4 23. Bd1 Rxe6 24. Rf1 Re1 25. Nd2 Rxf2 26. Bf3 Rfxf1+ 27. Nxf1 Qe3+ 28. Kg2 Bxf3+ 29. Qxf3 Qxf3+ 30. Kxf3 Rxa1 0-1

[Event "POL-chT U19 2nd League"]
[Site "Iwonicz"]
[Date "2015.08.01"]
[Round "5.84"]
[White "Krzysztynska, Anna"]
[Black "Kupiecka, Julia"]
[Result "1-0"]
[WhiteElo "1524"]
[BlackElo "1056"]
[PlyCount "59"]
[EventDate "2015.07.25"]
[EventType "team-swiss"]
[EventRounds "11"]
[EventCountry "POL"]
[SourceTitle "EXT 2019"]
[Source "ChessBase"]
[SourceDate "2018.10.10"]
[SourceVersion "1"]
[SourceVersionDate "2018.10.10"]
[SourceQuality "1"]
[WhiteTeam "Krosno KKSz Urania U19"]
[BlackTeam "Gory Strzybniczanka Tarnowskie U19"]
[WhiteTeamCountry "POL"]
[BlackTeamCountry "POL"]

1. e4 e5 2. Nc3 Nf6 3. Bc4 Nc6 4. d3 h6 5. Be3 Bb4 6. Nge2 0-0 7. 0-0 d6 8. h3 Be6 9. Bb3 Re8 10. f4 Bxb3 11. axb3 Qd7 12. f5 d5 13. exd5 Nxd5 14. Nxd5 Qxd5 15. f6 Bc5 16. Qd2 gxf6 17. Rxf6 Re6 18. Raf1 Rxf6 19. Rxf6 h5 20. Kh1 Be7 21. Rh6 f6 22. Rxh5 Kf7 23. Qe1 Ke6 24. Nf4+ exf4 25. Rxd5 Kxd5 26. Bxf4 Bd6 27. Qe4+ Kc5 28. Qc4+ Kb6 29. Be3+ Ka5 30. Qa4# 1-0

[Event "POL-chT U19 2nd League"]
[Site "Iwonicz"]
[Date "2015.08.01"]
[Round "7.54"]
[White "Krzysztynska, Anna"]
[Black "Waligora, Julia"]
[Result "1/2-1/2"]
[WhiteElo "1524"]
[BlackElo "1337"]
[PlyCount "81"]
[EventDate "2015.07.25"]
[EventType "team-swiss"]
[EventRounds "11"]
[EventCountry "POL"]
[SourceTitle "EXT 2019"]
[Source "ChessBase"]
[SourceDate "2018.10.10"]
[SourceVersion "1"]
[SourceVersionDate "2018.10.10"]
[SourceQuality "1"]
[WhiteTeam "Krosno KKSz Urania U19"]
[BlackTeam "Konin UKS Smecz U19"]
[WhiteTeamCountry "POL"]
[BlackTeamCountry "POL"]

1. e4 e6 2. d4 d5 3. e5 c5 4. c3 Nc6 5. Nf3 Qb6 6. a3 Nh6 7. b4 cxd4 8. cxd4 Nf5 9. Be3 Be7 10. Bd3 Nxe3 11. fxe3 Bd7 12. 0-0 Rc8 13. Nbd2 0-0 14. Kh1 f6 15. exf6 Rxf6 16. Qe2 a6 17. h3 Qc7 18. Nb3 e5 19. dxe5 Nxe5 20. Rac1 Qb8 21. Nxe5 Qxe5 22. Rxc8+ Bxc8 23. Rxf6 Bxf6 24. Qc2 Bd7 25. Nc5 Bc6 26. Bxh7+ Kf8 27. e4 Qa1+ 28. Kh2 Be5+ 29. g3 Qxa3 30. Nd3 Bd6 31. e5 Bxb4 32. Nxb4 Qxb4 33. Qf5+ Ke7 34. Qg5+ Kf7 35. Qf5+ Ke7 36. Qg5+ Kf7 37. Qf5+ Ke7 38. Qg5+ Kf7 39. Qf5+ Ke7 40. Qg5+ Kf7 41. Qf5+ 1/2-1/2

[Event "POL-ch U14 Girls"]
[Site "Suwalki"]
[Date "2015.04.11"]
[Round "6"]
[White "Krzysztynska, Anna"]
[Black "Kindler, Karolina"]
[Result "1-0"]
[WhiteElo "1413"]
[BlackElo "1564"]
[PlyCount "65"]
[EventDate "2015.04.08"]
[EventType "swiss"]
[EventRounds "9"]
[EventCountry "POL"]
[SourceTitle "EXT 2017"]
[Source "ChessBase"]
[SourceDate "2016.10.25"]
[SourceVersion "1"]
[SourceVersionDate "2016.10.25"]
[SourceQuality "1"]

1. e4 c5 2. c3 e6 3. Nf3 Nf6 4. e5 Nd5 5. d4 cxd4 6. cxd4 Nc6 7. Be3 Qb6 8. Qc2 Bb4+ 9. Nbd2 0-0 10. a3 Nxe3 11. fxe3 Be7 12. Bd3 h6 13. 0-0 d6 14. Rac1 dxe5 15. Nc4 Qd8 16. Nfxe5 Nxe5 17. Nxe5 Bd6 18. Bh7+ Kh8 19. Nxf7+ Rxf7 20. Rxf7 Qg5 21. Bg6 Qxe3+ 22. Kh1 Bd7 23. Rxd7 Bf8 24. Rf7 Qxd4 25. Rcf1 Qd6 26. Qc7 Qc5 27. Rxg7 Qxc7 28. Rxc7 b6 29. Bf7 Bg7 30. Bxe6 Bxb2 31. Rff7 Kg8 32. Rf6+ Kh8 33. Rxh6# 1-0

[Event "POL-chT U19 2nd League"]
[Site "Szczyrk"]
[Date "2014.08.02"]
[Round "11.65"]
[White "Skoczek, Karolina"]
[Black "Krzysztynska, Anna"]
[Result "1-0"]
[WhiteElo "1516"]
[BlackElo "1411"]
[PlyCount "81"]
[EventDate "2014.07.25"]
[EventType "team-swiss"]
[EventRounds "11"]
[EventCountry "POL"]
[SourceTitle "EXT 2015"]
[Source "ChessBase"]
[SourceDate "2014.11.20"]
[SourceVersion "1"]
[SourceVersionDate "2014.11.20"]
[SourceQuality "1"]
[WhiteTeam "Bydgoszcz Hetman U19"]
[BlackTeam "Krosno KKSz Urania U19"]
[WhiteTeamCountry "POL"]
[BlackTeamCountry "POL"]

1. e4 e5 2. Nf3 d6 3. d4 exd4 4. Nxd4 Nc6 5. Nc3 Nf6 6. Bc4 Be7 7. 0-0 0-0 8. Bf4 Ne5 9. Bb3 c5 10. Nf3 c4 11. Bxe5 cxb3 12. Bg3 bxc2 13. Qxc2 Bg4 14. Qd3 Nh5 15. Nd5 Rc8 16. Nxe7+ Qxe7 17. Bxd6 Qd7 18. Ne5 Qe6 19. Bxf8 Rxf8 20. Nxg4 Qxg4 21. Rfe1 Re8 22. Rad1 h6 23. Qd7 Rxe4 24. Qd8+ Kh7 25. Rxe4 Qxe4 26. Qd3 Nf6 27. Qxe4+ Nxe4 28. Rd7 Nc5 29. Rxf7 Kg6 30. Rc7 b6 31. Rxa7 Kf6 32. b4 Nd3 33. Rb7 Nc1 34. Rxb6+ Ke5 35. a4 Na2 36. a5 Nc3 37. a6 Nd5 38. Rb5 Kd6 39. Rxd5+ Kxd5 40. a7 Kc4 41. a8Q 1-0